00469nam a22001577a 450000500170000001000150001702000240003203500140005603700130007008200100008310000240009324500650011726000320018227000770021430000200029120170623141300.0 aENG-118910 a97881928057c500.00 aEN-102442 bDBAD/PUB a363.7 aSuryavanshi, Yogesh aFundamental of wild life management /cby Yogesh Suryavanshi aGuwahatibVivek Booksc2015 aRajnikantha Goswami Path House No-21, Lalganesh, Guwahati-781034 (Assam) a248pc23cm.(Hb)